| 000 | 01006cam a2200325 i 4500 | ||
|---|---|---|---|
| 001 | 200451814 | ||
| 003 | TR-AnTOB | ||
| 005 | 20250605112814.0 | ||
| 007 | ta | ||
| 008 | 230208s1998 tu 000 0 tur d | ||
| 020 | _a9754372640 | ||
| 040 |
_aBGZ _beng _erda _cBGZ _dSULEY _dOCLCQ _dTR-AnTOB |
||
| 041 | 0 | _atur | |
| 050 | 4 |
_aDK293 _b.D46 1998 |
|
| 090 |
_aDK293 _b.D46 1998 |
||
| 100 | 1 |
_aDemir, Abdullah _eauthor _9100932 |
|
| 245 | 1 | 0 |
_aTarihten günümüze Rus yayılmacılığı ve yeni kurulan cumhuriyetler / _cAbdullah Demir. |
| 264 | 1 |
_aİstanbul : _bÖtüken, _c1998. |
|
| 300 |
_a313 pages ; _c19 cm |
||
| 336 |
_atext _btxt _2rdacontent |
||
| 337 |
_aunmediated _bn _2rdamedia |
||
| 338 |
_avolume _bnc _2rdacarrier |
||
| 490 | 0 |
_aKültür serisi ; _v141 |
|
| 500 | _a"yayın nu: 402" Page facing title page. | ||
| 504 | _aBIB | ||
| 651 | 0 |
_aEski Sovyet cumhuriyetleri _xSiyaset ve yönetim _960366 |
|
| 651 | 7 |
_aRusya _xTarih _940802 |
|
| 942 |
_2lcc _cBK |
||
| 999 |
_c200451814 _d70026 |
||